=LDR 00000nam 2200000 4500 =001 INLIS000000000022142 =005 20130612120929 =008 ***********************************Ind** =035 ##$$0010-061300000022142 =041 ##$$a Ind =082 ##$$a 418 =090 ##$$a 418, Oey i3 =100 ##$$a THOMAS G.OEY,ph.D =245 ##$$a Inonesisch fur reise und alltag =260 ##$$a 1993 $b Jakarta =300 ##$$a 198 hlm, ilus, 21 cm =650 ##$$a Bahasa asing =850 ##$$a NBPNMAT